000 00555pab a2200205 454500
008 180718b2010 xxu||||| |||| 00| 0 eng d
100 _areddy, T. Onima
245 _aA comparative study of personality traits among sports achievers, non achievers and non participant female tribals
260 _c2010
300 _ap.17-19.
362 _a16 Aug
650 _aWomen
650 _aTribes
650 _aPersonality development
700 _aVijay Bharti
700 _aSingh, Vikram
773 _aUniversity News
908 _aN
909 _a89207
999 _c89207
_d89207